[Event "CZE-ch U12"]
[Site "Kouty nad Desnou"]
[Date "2024.03.14"]
[Round "7"]
[White "Honcharov, Makar"]
[Black "Kolar, Edvard"]
[Result "1/2-1/2"]
[WhiteElo "1872"]
[BlackElo "1759"]
[PlyCount "128"]
[EventDate "2024.03.09"]
[EventType "swiss"]
[EventRounds "9"]
[EventCountry "CZE"]
[SourceTitle "CB12_2024"]
[SourceDate "2023.10.01"]
[SourceVersion "1"]
[SourceVersionDate "2023.10.01"]
[SourceQuality "1"]

1. e4 c5 2. Nf3 Nc6 3. d4 cxd4 4. Nxd4 g6 5. Nc3 Bg7 6. Be3 Nf6 7. Be2 0-0 8. Nb3 d6 9. f4 Bd7 10. g4 Ne8 11. Qd2 Rc8 12. h4 Nf6 13. Rg1 Nb4 14. a3 Nxe4 15. Nxe4 Nxc2+ 16. Kf2 Nxa1 17. Rxa1 Ba4 18. Nd4 e5 19. Nf3 d5 20. Nc3 exf4 21. Bxa7 Bc6 22. Bd4 Bxd4+ 23. Qxd4 Re8 24. Rd1 Qe7 25. Qxf4 Rcd8 26. Qd4 Rd6 27. Bd3 Qd7 28. h5 Rd8 29. Rh1 Qe7 30. g5 Re6 31. Ne2 Re4 32. Bxe4 dxe4 33. Qe5 Qxe5 34. Nxe5 e3+ 35. Kxe3 Bxh1 36. hxg6 hxg6 37. Ng4 Bc6 38. Nf6+ Kg7 39. Nd4 Bd5 40. b4 Bc4 41. a4 b6 42. b5 Ra8 43. Ke4 Rxa4 44. Ke5 Ra5 45. Ne8+ Kf8 46. Nd6 Bd3 47. Kd5 Ra1 48. Kc6 Rg1 49. Nf3 Rg3 50. Ne5 Bxb5+ 51. Kxb5 Rxg5 52. Ndxf7 Rf5 53. Kxb6 Rxf7 54. Nxg6+ Kg7 55. Ne5 Re7 56. Nc6 Re6 57. Kc5 Kf6 58. Kd5 Re1 59. Nd4 Re8 60. Nc6 Kf5 61. Kd6 Ke4 62. Kd7 Rh8 63. Kd6 Rh5 64. Ne7 Rh6+ 1/2-1/2

[Event "CZE-ch U12"]
[Site "Kouty nad Desnou"]
[Date "2024.03.10"]
[Round "2"]
[White "Zvolanek, Vojtech"]
[Black "Kolar, Edvard"]
[Result "0-1"]
[WhiteElo "1411"]
[BlackElo "1759"]
[PlyCount "58"]
[EventDate "2024.03.09"]
[EventType "swiss"]
[EventRounds "9"]
[EventCountry "CZE"]
[SourceTitle "CB12_2024"]
[SourceDate "2023.10.01"]
[SourceVersion "1"]
[SourceVersionDate "2023.10.01"]
[SourceQuality "1"]

1. e4 c5 2. Nf3 Nc6 3. d4 cxd4 4. Nxd4 g6 5. Nc3 Bg7 6. Be3 Nf6 7. Bc4 d6 8. f3 0-0 9. Bb3 Bd7 10. Qd2 Nxd4 11. Bxd4 a5 12. a3 b5 13. Nd5 Ra6 14. 0-0-0 Nxd5 15. Bxg7 Kxg7 16. Bxd5 e6 17. Ba2 Rc6 18. h4 Kg8 19. h5 Qc7 20. c3 b4 21. c4 bxa3 22. b3 a4 23. b4 Rc8 24. Qd4 e5 25. Qd3 Be6 26. Kd2 Bxc4 27. Bxc4 Rxc4 28. Qxa3 Qb6 29. Rc1 Qf2+ 0-1

[Event "Klatovy op-B 29th"]
[Site "Klatovy"]
[Date "2023.07.09"]
[Round "9"]
[White "Svejdar, Petr"]
[Black "Kolar, Edvard"]
[Result "1/2-1/2"]
[WhiteElo "1430"]
[BlackElo "1533"]
[PlyCount "71"]
[EventDate "2023.07.01"]
[EventType "swiss"]
[EventRounds "9"]
[EventCountry "CZE"]
[SourceTitle "CBM 215 Extra"]
[Source "ChessBase"]
[SourceDate "2023.09.30"]
[SourceVersion "1"]
[SourceVersionDate "2023.09.30"]
[SourceQuality "1"]

1. d4 d5 2. Nf3 g6 3. e3 Nf6 4. c4 c6 5. Nc3 Bg7 6. Be2 0-0 7. 0-0 Bg4 8. h3 Bf5 9. b3 Nbd7 10. c5 Ne4 11. Nxe4 dxe4 12. Nh4 Nxc5 13. Nxf5 gxf5 14. Ba3 Ne6 15. Bc4 Qd7 16. Rc1 b5 17. Bxe6 Qxe6 18. Qc2 Rac8 19. Qc5 Rfe8 20. Qxa7 Ra8 21. Qc5 Ra6 22. Rc3 Rea8 23. Bb4 Bf8 24. Ra1 Qd7 25. Rc2 e6 26. Qc3 Bg7 27. Qc5 h6 28. Re2 Qd8 29. Qe7 Qc8 30. f3 Bf8 31. Qxf8+ Qxf8 32. Bxf8 Kxf8 33. f4 Ke7 34. Rc2 Kd6 35. Kf2 Rg8 36. Rd1 1/2-1/2

[Event "Klatovy op-B 29th"]
[Site "Klatovy"]
[Date "2023.07.08"]
[Round "8"]
[White "Kolar, Edvard"]
[Black "Rudlof, Jan1111"]
[Result "1/2-1/2"]
[WhiteElo "1533"]
[BlackElo "1257"]
[PlyCount "60"]
[EventDate "2023.07.01"]
[EventType "swiss"]
[EventRounds "9"]
[EventCountry "CZE"]
[SourceTitle "CBM 215 Extra"]
[Source "ChessBase"]
[SourceDate "2023.09.30"]
[SourceVersion "1"]
[SourceVersionDate "2023.09.30"]
[SourceQuality "1"]

1. e4 e5 2. Nf3 Nf6 3. Nxe5 d6 4. Nf3 Nxe4 5. d4 d5 6. Bd3 Bf5 7. 0-0 Be7 8. Bf4 0-0 9. Re1 Nc6 10. Nbd2 Nxd2 11. Qxd2 Bxd3 12. Qxd3 Bf6 13. Ne5 Nxe5 14. dxe5 Be7 15. Rad1 c6 16. Re3 Bc5 17. Rh3 g6 18. Qg3 Be7 19. Be3 Re8 20. Bh6 Qa5 21. Qf4 Bd6 22. Re3 Bf8 23. Bxf8 Rxf8 24. Rh3 Qc7 25. Qh6 f5 26. e6 Rae8 27. Re1 Rf6 28. Rhe3 Qd6 29. e7 Qd7 30. Qg5 Kg7 1/2-1/2

[Event "Klatovy op-B 29th"]
[Site "Klatovy"]
[Date "2023.07.07"]
[Round "7"]
[White "Zrust, Lukas"]
[Black "Kolar, Edvard"]
[Result "1/2-1/2"]
[WhiteElo "1441"]
[BlackElo "1533"]
[PlyCount "65"]
[EventDate "2023.07.01"]
[EventType "swiss"]
[EventRounds "9"]
[EventCountry "CZE"]
[SourceTitle "CBM 215 Extra"]
[Source "ChessBase"]
[SourceDate "2023.09.30"]
[SourceVersion "1"]
[SourceVersionDate "2023.09.30"]
[SourceQuality "1"]

1. c4 c5 2. Nc3 g6 3. g3 Bg7 4. Bg2 Nf6 5. Nf3 0-0 6. 0-0 d6 7. d3 Nc6 8. a3 Bg4 9. Bd2 Qd7 10. Qc1 Bh3 11. Rb1 Bxg2 12. Kxg2 d5 13. cxd5 Nxd5 14. Ne4 b6 15. Bh6 f5 16. Bxg7 Kxg7 17. Nc3 e5 18. Nxd5 Qxd5 19. Qc4 Qxc4 20. dxc4 e4 21. Ng5 Rfe8 22. Rfd1 Ne5 23. b3 h6 24. Nh3 g5 25. Rd6 Rad8 26. Rbd1 Rxd6 27. Rxd6 Re7 28. f4 exf3+ 29. exf3 Rd7 30. Rxd7+ Nxd7 31. Kf2 Kf6 32. Ke3 Ne5 33. Nf2 1/2-1/2

[Event "Klatovy op-B 29th"]
[Site "Klatovy"]
[Date "2023.07.03"]
[Round "3"]
[White "Rudlof, Adam"]
[Black "Kolar, Edvard"]
[Result "1-0"]
[WhiteElo "1433"]
[BlackElo "1533"]
[PlyCount "49"]
[EventDate "2023.07.01"]
[EventType "swiss"]
[EventRounds "9"]
[EventCountry "CZE"]
[SourceTitle "CBM 215 Extra"]
[Source "ChessBase"]
[SourceDate "2023.09.30"]
[SourceVersion "1"]
[SourceVersionDate "2023.09.30"]
[SourceQuality "1"]

1. e4 e6 2. d4 d5 3. Nc3 Nf6 4. Bg5 Be7 5. e5 Nfd7 6. h4 c5 7. Qg4 Bxg5 8. Qxg5 Qxg5 9. hxg5 cxd4 10. Nb5 Na6 11. f4 0-0 12. Bd3 g6 13. Nf3 Nb4 14. Kd2 Nc5 15. Nd6 Nbxd3 16. cxd3 b6 17. Rh6 Kg7 18. Rah1 Rh8 19. Nh2 Nd7 20. Ng4 Rb8 21. Nf6 Nxf6 22. gxf6+ Kg8 23. Rc1 Bd7 24. Rc7 Be8 25. Rxa7 1-0

[Event "CZE-ch Amateur"]
[Site "Hluk"]
[Date "2023.05.09"]
[Round "5"]
[White "Kolar, Edvard"]
[Black "Urban, Vlastimil"]
[Result "0-1"]
[WhiteElo "1536"]
[BlackElo "1879"]
[PlyCount "46"]
[EventDate "2023.05.06"]
[EventType "swiss"]
[EventRounds "9"]
[EventCountry "CZE"]
[SourceTitle "CBM 214 Extra"]
[Source "ChessBase"]
[SourceDate "2023.07.31"]
[SourceVersion "1"]
[SourceVersionDate "2023.07.31"]
[SourceQuality "1"]

1. e4 c6 2. d4 d5 3. exd5 cxd5 4. Nf3 Bg4 5. Be2 Nc6 6. Nc3 e6 7. 0-0 Bd6 8. h3 Bh5 9. Be3 Nge7 10. Nd2 Bg6 11. Nb3 a6 12. Na4 0-0 13. Nac5 Rb8 14. Bd3 h6 15. Bxg6 Nxg6 16. Qg4 Re8 17. g3 e5 18. c3 e4 19. Nd7 Ra8 20. Ndc5 Ra7 21. Kg2 b6 22. Na4 Re6 23. f4 exf3+ 0-1

[Event "CZE-ch U10"]
[Site "Teplice"]
[Date "2023.03.17"]
[Round "8"]
[White "Trejbal, Jindrich1111"]
[Black "Kolar, Edvard"]
[Result "1/2-1/2"]
[WhiteElo "1254"]
[BlackElo "1518"]
[PlyCount "136"]
[EventDate "2023.03.11"]
[EventType "swiss"]
[EventRounds "9"]
[EventCountry "CZE"]
[SourceTitle "CBM 213 Extra"]
[Source "ChessBase"]
[SourceDate "2023.05.31"]
[SourceVersion "1"]
[SourceVersionDate "2023.05.31"]
[SourceQuality "1"]

1. e4 d5 2. exd5 Qxd5 3. Nc3 Qd6 4. d4 c6 5. Nf3 Nf6 6. Be2 Bf5 7. 0-0 Nbd7 8. Nh4 Bg6 9. f4 Be4 10. Nxe4 Nxe4 11. Qd3 Nef6 12. Re1 e6 13. f5 0-0-0 14. c3 Be7 15. fxe6 fxe6 16. g3 Qc7 17. Qc4 Nd5 18. Ng2 Rhe8 19. Bg4 Bd6 20. Bg5 N5f6 21. Bxe6 h6 22. Bxf6 gxf6 23. Qf1 Rf8 24. Nf4 Bxf4 25. Qxf4 Qxf4 26. gxf4 Kc7 27. Re2 Nb6 28. Rae1 Nd5 29. Bxd5 Rxd5 30. Re7+ Kb6 31. Rg7 Rf5 32. Rg4 h5 33. Rh4 Ra5 34. a3 Rb5 35. Re2 Rf5 36. Kf2 Rg8 37. Kf3 Rd5 38. Rg2 Rxg2 39. Kxg2 Kc7 40. Kf3 Kd6 41. Ke4 Ke6 42. c4 Rf5 43. Rh3 b6 44. b4 b5 45. Rc3 bxc4 46. Rxc4 Rb5 47. Rxc6+ Ke7 48. Rc5 Rb7 49. Rxh5 Ke6 50. Rh6 Rf7 51. d5+ Kd6 52. Kf5 Kxd5 53. Rxf6 Rh7 54. Rg6 Rxh2 55. Kf6 Ra2 56. Rg3 Ke4 57. Rg7 Rxa3 58. f5 Rf3 59. Ke6 Rxf5 60. Rg4+ Rf4 61. Rxf4+ Kxf4 62. Kd5 Ke3 63. Kc6 Kd4 64. Kb5 Kd5 65. Ka5 Kc4 66. b5 Kc5 67. Ka6 Kb4 68. Kxa7 Kxb5 1/2-1/2

[Event "CZE-ch U10"]
[Site "Teplice"]
[Date "2023.03.15"]
[Round "6"]
[White "Moravec, Rene1111"]
[Black "Kolar, Edvard"]
[Result "0-1"]
[WhiteElo "1216"]
[BlackElo "1518"]
[PlyCount "53"]
[EventDate "2023.03.11"]
[EventType "swiss"]
[EventRounds "9"]
[EventCountry "CZE"]
[SourceTitle "CBM 213 Extra"]
[Source "ChessBase"]
[SourceDate "2023.05.31"]
[SourceVersion "1"]
[SourceVersionDate "2023.05.31"]
[SourceQuality "1"]

1. e4 e6 2. d4 d5 3. exd5 exd5 4. Nf3 Nf6 5. Bg5 Be7 6. Bd3 Be6 7. Nbd2 Nbd7 8. c3 c6 9. Qc2 Qb6 10. 0-0 0-0-0 11. a4 h6 12. Bxf6 Bxf6 13. a5 Qc7 14. b4 Qd6 15. Rab1 g5 16. b5 c5 17. b6 a6 18. c4 Kb8 19. Rfc1 Rc8 20. Nb3 cxd4 21. Nbxd4 Bxd4 22. Nxd4 dxc4 23. Nxe6 cxd3 24. Qd2 fxe6 25. g3 Ne5 26. Rxc8+ Rxc8 27. f4 0-1

[Event "CZE-chT U12"]
[Site "Jihlava"]
[Date "2022.06.11"]
[Round "5.3"]
[White "Kolar, Edvard"]
[Black "Kreuzman, Daniel"]
[Result "1-0"]
[WhiteElo "1444"]
[BlackElo "1198"]
[PlyCount "51"]
[EventDate "2022.06.10"]
[EventType "team-swiss"]
[EventRounds "9"]
[EventCountry "CZE"]
[SourceTitle "CBM 209 Extra"]
[Source "ChessBase"]
[SourceDate "2022.09.30"]
[SourceVersion "1"]
[SourceVersionDate "2022.09.30"]
[SourceQuality "1"]
[WhiteTeam "Ricany U12"]
[BlackTeam "Klatovy Sokol U12"]
[WhiteTeamCountry "CZE"]
[BlackTeamCountry "CZE"]

1. e4 d5 2. exd5 Nf6 3. Nc3 Nxd5 4. Bc4 Nxc3 5. bxc3 e5 6. Ne2 Qh4 7. d3 Bc5 8. 0-0 b6 9. d4 exd4 10. Bf4 dxc3 11. Qd5 Be6 12. Qxa8 Bxc4 13. Qxb8+ Qd8 14. Qxd8+ Kxd8 15. Rfe1 Re8 16. Ng3 Rxe1+ 17. Rxe1 Bxa2 18. Ra1 Bd5 19. Rxa7 Bd6 20. Bxd6 cxd6 21. Nf5 Be4 22. Nxd6 Bxc2 23. Nxf7+ Kc8 24. Nd6+ Kb8 25. Rb7+ Ka8 26. Rc7 1-0

[Event "CZE-chT U12"]
[Site "Jihlava"]
[Date "2022.06.11"]
[Round "3.3"]
[White "Kolar, Edvard"]
[Black "Letal, Hynek"]
[Result "0-1"]
[WhiteElo "1444"]
[BlackElo "1291"]
[PlyCount "70"]
[EventDate "2022.06.10"]
[EventType "team-swiss"]
[EventRounds "9"]
[EventCountry "CZE"]
[SourceTitle "CBM 209 Extra"]
[Source "ChessBase"]
[SourceDate "2022.09.30"]
[SourceVersion "1"]
[SourceVersionDate "2022.09.30"]
[SourceQuality "1"]
[WhiteTeam "Ricany U12"]
[BlackTeam "Frydek Mistek U12"]
[WhiteTeamCountry "CZE"]
[BlackTeamCountry "CZE"]

1. e4 c5 2. c4 Nc6 3. Nc3 g6 4. g3 Bg7 5. Nge2 Nf6 6. Bg2 0-0 7. 0-0 Rb8 8. d3 b6 9. f4 Bb7 10. f5 d6 11. fxg6 hxg6 12. Bg5 Qd7 13. Qd2 Ne5 14. Bh6 Nfg4 15. Bxg7 Kxg7 16. h3 Nf6 17. Rf4 Rh8 18. Raf1 Rh7 19. Nd5 Nxd5 20. exd5 Bc8 21. d4 cxd4 22. Qxd4 f6 23. Re4 Qc7 24. g4 b5 25. cxb5 Rxb5 26. Nf4 Qb6 27. Rc1 Bb7 28. Ne6+ Kf7 29. Qxb6 Rxb6 30. Rf4 Rh8 31. Rc2 Rb5 32. Rd2 Rc8 33. h4 Rc4 34. Ng5+ Kg8 35. Ne4 Bxd5 0-1